Inovatívnosť na podporu konkurencieschopnosti malého alebo stredného podniku bakalárska práca

Guardado en:
Detalles Bibliográficos
Autor principal: Stupinská, Marianna
Autor Corporativo: Fakulta podnikového manažmentu EU. Katedra manažmentu
Otros Autores: Papulová, Emília
Formato: Libro
Lenguaje:eslovaco
Publicado: Bratislava 2020
Etiquetas: Agregar Etiqueta
Sin Etiquetas, Sea el primero en etiquetar este registro!

MARC

LEADER 00000nbm a2200000 4500
001 0265978
005 20201127100034.4
041 0 |a slo 
044 |a SK 
245 1 0 |a Inovatívnosť na podporu konkurencieschopnosti malého alebo stredného podniku  |b bakalárska práca  |c Marianna Stupinská ; školiteľ: Emília Papulová 
264 1 |a Bratislava  |c 2020 
300 |a 78 s. 
100 1 |a Stupinská, Marianna 
700 1 |a Papulová, Emília 
710 2 |a Fakulta podnikového manažmentu EU. Katedra manažmentu